| 000 | 00484nam a22001457a 4500 | ||
|---|---|---|---|
| 005 | 20260420091342.0 | ||
| 008 | 260420b |||||||| |||| 00| 0 eng d | ||
| 050 |
_aB2741 _b.C67 |
||
| 100 | _aCopleston Frederick,S.J | ||
| 245 |
_aA history of Philosophy _bMediaeval Philosophy _cCopleston Frederick,S.J |
||
| 260 |
_aNew York _bImage Books _cC1962 |
||
| 300 | _a346p | ||
| 700 |
_aCopleston Frederick,S.J _cA history of philosophy, vol 2, Mediaeval philosophy part 1 |
||
| 942 |
_2lcc _cBK _n0 |
||
| 999 |
_c9246 _d9246 |
||